[Event "Titled Tuesday 2023.03.07 Late"]
[Site "chess.com INT"]
[Date "2023.03.07"]
[Round "3"]
[White "Aalto, Patrik"]
[Black "Gerzhoy, Leonid"]
[Result "0-1"]
[WhiteElo "2239"]
[BlackElo "2348"]
[PlyCount "71"]
[GameId "2130307562699247"]
[EventDate "2023.03.07"]
[EventType "swiss (blitz)"]
[EventRounds "11"]
[EventCountry "NET"]
[SourceTitle "The Week in Chess 1479"]
[Source "Mark Crowther"]
[SourceDate "2023.03.13"]
[SourceVersion "1"]
[SourceVersionDate "2023.03.13"]
[SourceQuality "2"]

1. d4 Nf6 2. c4 d6 3. g3 e5 4. dxe5 dxe5 5. Qxd8+ Kxd8 6. Bg2 c6 7. Nc3 Bb4 8. Bg5 Bxc3+ 9. bxc3 Ke7 10. O-O-O Be6 11. Nf3 Nbd7 12. Nd2 h6 13. Bxf6+ Nxf6 14. Kb2 Rhd8 15. c5 Rd7 16. Ne4 Nxe4 17. Bxe4 Rad8 18. Rxd7+ Rxd7 19. Kc2 f5 20. Bg2 e4 21. a3 Bc4 22. e3 Rd5 23. g4 Rxc5 24. gxf5 Rxf5 25. Bxe4 Rxf2+ 26. Kb1 Rf1+ 27. Rxf1 Bxf1 28. Kc2 Kd6 29. Bf3 b5 30. Kd2 a5 31. h4 g5 32. hxg5 hxg5 33. e4 c5 34. Ke3 Ke5 35. Bg4 b4 36. c4 0-1

[Event "Titled Tuesday 2023.03.07 Late"]
[Site "chess.com INT"]
[Date "2023.03.07"]
[Round "7"]
[White "Harsh, Suresh"]
[Black "Gerzhoy, Leonid"]
[Result "0-1"]
[WhiteElo "2261"]
[BlackElo "2348"]
[PlyCount "140"]
[GameId "2130307562711695"]
[EventDate "2023.03.07"]
[EventType "swiss (blitz)"]
[EventRounds "11"]
[EventCountry "NET"]
[SourceTitle "The Week in Chess 1479"]
[Source "Mark Crowther"]
[SourceDate "2023.03.13"]
[SourceVersion "1"]
[SourceVersionDate "2023.03.13"]
[SourceQuality "2"]

1. e4 d6 2. d4 Nf6 3. Nc3 e5 4. dxe5 dxe5 5. Qxd8+ Kxd8 6. Bg5 Be6 7. O-O-O+ Nbd7 8. f3 c6 9. g3 h6 10. Bxf6+ gxf6 11. Bh3 Kc7 12. Bf5 h5 13. Nge2 h4 14. g4 Nc5 15. b3 Bh6+ 16. Kb2 Rad8 17. h3 Rxd1 18. Rxd1 Rd8 19. Rxd8 Kxd8 20. b4 Nd7 21. Bxe6 fxe6 22. a4 Nf8 23. Nd1 Nh7 24. Kc3 Ng5 25. Ng1 Kc7 26. Kd3 b5 27. axb5 cxb5 28. Ne3 Nf7 29. Ng2 Bg5 30. Ne2 Kb6 31. Nc3 a5 32. bxa5+ Kxa5 33. Ne2 Kb4 34. Nc3 Kc5 35. Ne2 b4 36. Ng1 Kb5 37. Ne2 Nd6 38. f4 exf4 39. Nexf4 Bxf4 40. Nxf4 e5 41. Ng2 Nf7 42. Nxh4 Ng5 43. Nf5 Nxh3 44. Ke3 Kc4 45. Kd2 Nf2 46. Ne3+ Kd4 47. Nf5+ Kxe4 48. Nd6+ Kf4 49. Ne8 Nxg4 50. Nc7 e4 51. Nd5+ Kf3 52. Nxb4 Kf2 53. c4 e3+ 54. Kc3 e2 55. Nd3+ Kf1 56. Kd2 Ne5 57. Ne1 Nxc4+ 58. Kd3 Kxe1 59. Kxc4 Kd2 60. Kd4 e1=Q 61. Kc4 f5 62. Kd4 f4 63. Kc5 f3 64. Kd4 f2 65. Kc4 f1=Q+ 66. Kd5 Qd3+ 67. Kc5 Qc1+ 68. Kb4 Qdb1+ 69. Ka4 Qcc2+ 70. Ka3 Qca2# 0-1

[Event "Titled Tuesday 2023.02.28 Late"]
[Site "chess.com INT"]
[Date "2023.02.28"]
[Round "2"]
[White "Fernandez Garcia, Gumersindo"]
[Black "Gerzhoy, Leonid"]
[Result "0-1"]
[WhiteElo "2172"]
[BlackElo "2348"]
[PlyCount "90"]
[GameId "2130307563106329"]
[EventDate "2023.02.28"]
[EventType "swiss (blitz)"]
[EventRounds "11"]
[EventCountry "NET"]
[SourceTitle "The Week in Chess 1478"]
[Source "Mark Crowther"]
[SourceDate "2023.03.06"]
[SourceVersion "1"]
[SourceVersionDate "2023.03.06"]
[SourceQuality "2"]

1. e4 d6 2. d4 Nf6 3. Nc3 e5 4. dxe5 dxe5 5. Qxd8+ Kxd8 6. Bc4 Bb4 7. f3 Ke7 8. Nge2 Be6 9. Bxe6 Kxe6 10. a3 Ba5 11. Be3 Nc6 12. O-O-O Rhd8 13. Rxd8 Rxd8 14. Rd1 Rxd1+ 15. Kxd1 Ne8 16. b4 Bb6 17. Bxb6 axb6 18. Nd5 Ne7 19. c4 Nxd5 20. cxd5+ Kd7 21. Kc2 Nd6 22. Kd3 b5 23. f4 f6 24. fxe5 fxe5 25. Nc3 c6 26. a4 bxa4 27. Nxa4 cxd5 28. exd5 Kc7 29. Nc5 g6 30. g3 Kd8 31. Ne4 Ke7 32. g4 h6 33. h4 Nxe4 34. Kxe4 Kd6 35. b5 b6 36. h5 g5 37. Kf5 Kxd5 38. Kg6 e4 39. Kxh6 e3 40. Kxg5 e2 41. h6 e1=Q 42. h7 Qe7+ 43. Kh6 Qf6+ 44. Kh5 Qg7 45. g5 Qxh7+ 0-1

[Event "Titled Tuesday 2021.09.14"]
[Site "chess.com INT"]
[Date "2021.09.14"]
[Round "4"]
[White "Gerzhoy, Leonid"]
[Black "Andreikin, Dmitri"]
[Result "0-1"]
[WhiteElo "2348"]
[BlackElo "2728"]
[PlyCount "64"]
[GameId "2130307583408106"]
[EventDate "2021.09.14"]
[EventType "swiss (blitz)"]
[EventRounds "11"]
[EventCountry "NET"]
[SourceTitle "The Week in Chess 1402"]
[Source "Mark Crowther"]
[SourceDate "2021.09.20"]
[SourceVersion "1"]
[SourceVersionDate "2021.09.20"]
[SourceQuality "2"]

1. d4 Nf6 2. Nf3 d5 3. c4 e6 4. Nc3 Bb4 5. cxd5 exd5 6. Bg5 Nbd7 7. e3 h6 8. Bh4 c5 9. Bd3 c4 10. Bf5 Nb6 11. Bxc8 Rxc8 12. O-O O-O 13. Ne5 g5 14. Bg3 Bxc3 15. bxc3 Ne4 16. Qc2 f6 17. Nf3 Qe8 18. a4 h5 19. a5 Nd7 20. Nd2 Nxd2 21. Qxd2 Qe6 22. f3 h4 23. Bf2 h3 24. g4 f5 25. e4 f4 26. Rfe1 Nf6 27. exd5 Qxd5 28. Qc2 Qxf3 29. Qg6+ Kh8 30. Qh6+ Nh7 31. Kf1 Qg2+ 32. Ke2 Rfe8+ 0-1

[Event "Titled Tuesday 2021.09.14"]
[Site "chess.com INT"]
[Date "2021.09.14"]
[Round "5"]
[White "Silvestre, Christian"]
[Black "Gerzhoy, Leonid"]
[Result "0-1"]
[WhiteElo "1942"]
[BlackElo "2348"]
[PlyCount "80"]
[GameId "2130307583408186"]
[EventDate "2021.09.14"]
[EventType "swiss (blitz)"]
[EventRounds "11"]
[EventCountry "NET"]
[SourceTitle "The Week in Chess 1402"]
[Source "Mark Crowther"]
[SourceDate "2021.09.20"]
[SourceVersion "1"]
[SourceVersionDate "2021.09.20"]
[SourceQuality "2"]

1. d4 Nf6 2. Nf3 d6 3. c3 Nbd7 4. Bg5 e5 5. Nbd2 Be7 6. e3 O-O 7. Bd3 b6 8. Qe2 Bb7 9. dxe5 Nxe5 10. Nxe5 dxe5 11. Bxf6 Bxf6 12. Be4 Bxe4 13. Nxe4 Be7 14. Rd1 Qc8 15. O-O Qe6 16. b3 Rfd8 17. Rxd8+ Rxd8 18. Rd1 Rxd1+ 19. Qxd1 f5 20. Nd2 e4 21. c4 Bf6 22. Nf1 Qd6 23. Qxd6 cxd6 24. Ng3 g6 25. Kf1 Kf7 26. Ke2 Ke6 27. Kd2 d5 28. cxd5+ Kxd5 29. Kc2 Be5 30. Nf1 g5 31. h3 h5 32. Nd2 b5 33. a3 h4 34. f3 exf3 35. gxf3 g4 36. e4+ Kd4 37. fxg4 fxg4 38. hxg4 h3 39. g5 h2 40. Nf3+ Kxe4 0-1

[Event "Titled Tuesday 2021.09.14"]
[Site "chess.com INT"]
[Date "2021.09.14"]
[Round "8"]
[White "Gerzhoy, Leonid"]
[Black "Gracia Alvarez, Gerardo Antonio"]
[Result "1/2-1/2"]
[WhiteElo "2348"]
[BlackElo "2237"]
[PlyCount "120"]
[GameId "2130307583416498"]
[EventDate "2021.09.14"]
[EventType "swiss (blitz)"]
[EventRounds "11"]
[EventCountry "NET"]
[SourceTitle "The Week in Chess 1402"]
[Source "Mark Crowther"]
[SourceDate "2021.09.20"]
[SourceVersion "1"]
[SourceVersionDate "2021.09.20"]
[SourceQuality "2"]

1. d4 Nf6 2. Nf3 g6 3. Bg5 Bg7 4. Nbd2 d5 5. e3 Nbd7 6. Bd3 h6 7. Bh4 O-O 8. O-O c5 9. c3 b6 10. b4 Bb7 11. bxc5 bxc5 12. Rb1 Qc8 13. Ne5 Ba6 14. Bxa6 Qxa6 15. Nxd7 Nxd7 16. Bxe7 Rfc8 17. Qb3 c4 18. Qb7 Qxb7 19. Rxb7 Nb6 20. e4 dxe4 21. Nxe4 Nd5 22. Bc5 f5 23. Nd6 Rcb8 24. Rfb1 Rxb7 25. Rxb7 Nxc3 26. Nxc4 a5 27. g3 Ne2+ 28. Kg2 Nxd4 29. Bxd4 Bxd4 30. a4 Bc3 31. Rc7 Bb4 32. Nb6 Rd8 33. Nd7 Kf7 34. Ne5+ Kf6 35. Nc6 Ra8 36. Rb7 Bc3 37. Rb3 Be5 38. Rb6 Bc3 39. Rb5 Kf7 40. Rc5 Bb4 41. Rc4 Kg7 42. Nxb4 axb4 43. Rxb4 Kf6 44. f4 Rc8 45. a5 Rc2+ 46. Kh3 Ra2 47. Rb6+ Kf7 48. a6 h5 49. Rb7+ Kf6 50. a7 Ra3 51. Kh4 Ra2 52. h3 Ra3 53. g4 hxg4 54. hxg4 fxg4 55. Kxg4 Ra4 56. Rc7 Ra5 57. Rb7 Ra4 58. Rc7 Ra5 59. Rc6+ Kf7 60. Rc7+ Kf6 1/2-1/2

[Event "Titled Tuesday 2021.09.14"]
[Site "chess.com INT"]
[Date "2021.09.14"]
[Round "9"]
[White "Ozen, Bahadir"]
[Black "Gerzhoy, Leonid"]
[Result "0-1"]
[WhiteElo "2369"]
[BlackElo "2348"]
[PlyCount "56"]
[GameId "2130307583416566"]
[EventDate "2021.09.14"]
[EventType "swiss (blitz)"]
[EventRounds "11"]
[EventCountry "NET"]
[SourceTitle "The Week in Chess 1402"]
[Source "Mark Crowther"]
[SourceDate "2021.09.20"]
[SourceVersion "1"]
[SourceVersionDate "2021.09.20"]
[SourceQuality "2"]

1. e4 d6 2. d4 Nf6 3. Nc3 e5 4. Nf3 Nc6 5. Bb5 Bd7 6. O-O Be7 7. Re1 exd4 8. Nxd4 O-O 9. Bxc6 Bxc6 10. Nf5 Nd7 11. Nxe7+ Qxe7 12. Be3 f5 13. exf5 Rxf5 14. Qg4 Qf7 15. Bd4 Rf4 16. Qd1 Qg6 17. g3 Raf8 18. Re7 R4f7 19. Rxf7 Rxf7 20. Qe2 Bf3 21. Qe8+ Nf8 22. Re1 Qxc2 23. Qc8 c5 24. Be3 Qxb2 25. Rc1 Bc6 26. Qd8 Rxf2 27. Qxd6 Rxh2 28. Bd2 Rxd2 0-1

[Event "Titled Tuesday 2021.09.14"]
[Site "chess.com INT"]
[Date "2021.09.14"]
[Round "10"]
[White "Bailleau, Gerald"]
[Black "Gerzhoy, Leonid"]
[Result "1/2-1/2"]
[WhiteElo "2239"]
[BlackElo "2348"]
[PlyCount "114"]
[GameId "2130307583420673"]
[EventDate "2021.09.14"]
[EventType "swiss (blitz)"]
[EventRounds "11"]
[EventCountry "NET"]
[SourceTitle "The Week in Chess 1402"]
[Source "Mark Crowther"]
[SourceDate "2021.09.20"]
[SourceVersion "1"]
[SourceVersionDate "2021.09.20"]
[SourceQuality "2"]

1. e4 d6 2. d4 Nf6 3. Nc3 e5 4. Nf3 Nc6 5. dxe5 Nxe5 6. Bf4 Ng6 7. Bg3 Be7 8. Bc4 O-O 9. Qd2 c6 10. O-O b5 11. Bd3 Bb7 12. Rfe1 b4 13. Ne2 c5 14. Nf4 Nxf4 15. Qxf4 Nh5 16. Qg4 Nxg3 17. Qxg3 Bf6 18. Rab1 Re8 19. Qf4 Qe7 20. h4 Be5 21. Nxe5 Qxe5 22. Qxe5 Rxe5 23. f3 Rae8 24. Kf2 d5 25. exd5 Rxe1 26. Rxe1 Rxe1 27. Kxe1 Bxd5 28. a3 a5 29. Kd2 g6 30. axb4 axb4 31. c3 bxc3+ 32. bxc3 Kg7 33. Ke3 Kf6 34. g4 h6 35. f4 Ke7 36. g5 hxg5 37. fxg5 Kd6 38. Kf4 Be6 39. Bc2 Bd5 40. Bd1 Be6 41. Bf3 Bd5 42. Be2 Be6 43. h5 gxh5 44. Bxh5 Kd5 45. Be2 Kd6 46. Bd3 Bd7 47. Bc4 Be6 48. Bxe6 Kxe6 49. c4 f5 50. g6 Kf6 51. g7 Kxg7 52. Kg5 f4 53. Kxf4 Kf6 54. Ke4 Ke6 55. Kf4 Kf6 56. Ke4 Ke6 57. Kf4 Kf6 1/2-1/2

[Event "Titled Tuesday 2021.09.07"]
[Site "chess.com INT"]
[Date "2021.09.07"]
[Round "1"]
[White "Lamotte Tavares, Patrick"]
[Black "Gerzhoy, Leonid"]
[Result "1/2-1/2"]
[WhiteElo "1914"]
[BlackElo "2348"]
[PlyCount "77"]
[GameId "2130307583704095"]
[EventDate "2021.09.07"]
[EventType "swiss (blitz)"]
[EventRounds "11"]
[EventCountry "NET"]
[SourceTitle "The Week in Chess 1401"]
[Source "Mark Crowther"]
[SourceDate "2021.09.13"]
[SourceVersion "1"]
[SourceVersionDate "2021.09.13"]
[SourceQuality "2"]

1. Nf3 Nf6 2. b3 d5 3. Bb2 Bg4 4. Ne5 Bh5 5. d3 Nbd7 6. Nd2 Nxe5 7. Bxe5 e6 8. g3 Bd6 9. Bxd6 Qxd6 10. Bg2 O-O 11. O-O c6 12. Qe1 e5 13. e4 dxe4 14. Nxe4 Nxe4 15. Qxe4 f5 16. Qc4+ Bf7 17. Qc3 Bd5 18. Bxd5+ Qxd5 19. Rfe1 Rae8 20. Rad1 b6 21. Rd2 Re6 22. Rde2 Rfe8 23. a4 c5 24. a5 b5 25. b4 cxb4 26. Qxb4 a6 27. Qb2 e4 28. dxe4 Rxe4 29. Rxe4 Rxe4 30. Rxe4 Qxe4 31. Qc3 Qe6 32. Qd4 h6 33. h4 Qe4 34. Qd8+ Kh7 35. Qd2 Qf3 36. Qd4 Qe4 37. Qd2 Qf3 38. Qd4 Qe4 39. Qd2 1/2-1/2

[Event "Titled Tuesday 2021.09.07"]
[Site "chess.com INT"]
[Date "2021.09.07"]
[Round "2"]
[White "Gerzhoy, Leonid"]
[Black "Sriniaiyer, Sudarshan"]
[Result "1-0"]
[WhiteElo "2348"]
[BlackElo "2129"]
[PlyCount "73"]
[GameId "2130307583708236"]
[EventDate "2021.09.07"]
[EventType "swiss (blitz)"]
[EventRounds "11"]
[EventCountry "NET"]
[SourceTitle "The Week in Chess 1401"]
[Source "Mark Crowther"]
[SourceDate "2021.09.13"]
[SourceVersion "1"]
[SourceVersionDate "2021.09.13"]
[SourceQuality "2"]

1. d4 Nf6 2. Nf3 e6 3. e3 c5 4. Bd3 Nc6 5. O-O d5 6. b3 Bd6 7. Bb2 O-O 8. a3 b6 9. Nbd2 Bb7 10. Ne5 Rc8 11. f4 Ne7 12. c4 cxd4 13. exd4 dxc4 14. bxc4 b5 15. cxb5 Ned5 16. Ndc4 Bb8 17. a4 Nb4 18. Be2 Re8 19. Bf3 Bxf3 20. Qxf3 Bxe5 21. Nxe5 Nc2 22. Rad1 Nd5 23. f5 exf5 24. Qxf5 f6 25. Nc6 Qd6 26. Qxc2 Ne3 27. Qb3+ Kh8 28. Rfe1 Nxd1 29. Qxd1 Qf4 30. Bc1 Qh4 31. g3 Qh3 32. Be3 a6 33. Bf2 h5 34. d5 Qf5 35. d6 axb5 36. Rxe8+ Rxe8 37. d7 1-0

[Event "Titled Tuesday 2021.09.07"]
[Site "chess.com INT"]
[Date "2021.09.07"]
[Round "3"]
[White "Md., Jamal Uddin"]
[Black "Gerzhoy, Leonid"]
[Result "0-1"]
[WhiteElo "2054"]
[BlackElo "2348"]
[PlyCount "50"]
[GameId "2130307583708312"]
[EventDate "2021.09.07"]
[EventType "swiss (blitz)"]
[EventRounds "11"]
[EventCountry "NET"]
[SourceTitle "The Week in Chess 1401"]
[Source "Mark Crowther"]
[SourceDate "2021.09.13"]
[SourceVersion "1"]
[SourceVersionDate "2021.09.13"]
[SourceQuality "2"]

1. e4 d6 2. Nf3 Nf6 3. d4 Nxe4 4. Bd3 d5 5. O-O Bg4 6. c4 e6 7. cxd5 exd5 8. Nc3 Nxc3 9. bxc3 Be7 10. Re1 O-O 11. Qc2 Bxf3 12. Bxh7+ Kh8 13. gxf3 g6 14. Bxg6 fxg6 15. Qxg6 Rg8 16. Qxg8+ Qxg8+ 17. Kh1 Qf7 18. f4 Nd7 19. Re3 Nf8 20. Bd2 Bd6 21. Rg1 Nh7 22. Rh3 Rg8 23. Re1 Qf5 24. Rh6 Qg4 25. Rxh7+ Kxh7 0-1

[Event "Titled Tuesday 2021.09.07"]
[Site "chess.com INT"]
[Date "2021.09.07"]
[Round "5"]
[White "Gerzhoy, Leonid"]
[Black "Tatarinov, Dmitry"]
[Result "0-1"]
[WhiteElo "2348"]
[BlackElo "2320"]
[PlyCount "58"]
[GameId "2130307583712507"]
[EventDate "2021.09.07"]
[EventType "swiss (blitz)"]
[EventRounds "11"]
[EventCountry "NET"]
[SourceTitle "The Week in Chess 1401"]
[Source "Mark Crowther"]
[SourceDate "2021.09.13"]
[SourceVersion "1"]
[SourceVersionDate "2021.09.13"]
[SourceQuality "2"]

1. d4 Nf6 2. Nf3 e6 3. e3 d5 4. Bd3 Be7 5. O-O O-O 6. b3 b6 7. Bb2 Bb7 8. c4 c5 9. Nc3 cxd4 10. exd4 Nc6 11. Rc1 Rc8 12. Re1 Re8 13. cxd5 Nxd5 14. Nxd5 Qxd5 15. Be4 Qa5 16. d5 exd5 17. Qxd5 Qxa2 18. Qd7 Qxb2 19. Qxb7 Bc5 20. Bxc6 Rf8 21. Rf1 Bxf2+ 22. Kh1 a5 23. Rcd1 Bc5 24. Bd5 Rce8 25. Ng5 Re7 26. Bxf7+ Kh8 27. Qd5 Re5 28. Qf3 Rxg5 29. Bc4 g6 0-1

[Event "Titled Tuesday 2021.09.07"]
[Site "chess.com INT"]
[Date "2021.09.07"]
[Round "6"]
[White "Abdurakhmonov, Mukhammadali"]
[Black "Gerzhoy, Leonid"]
[Result "1-0"]
[WhiteElo "2252"]
[BlackElo "2348"]
[PlyCount "41"]
[GameId "2130307583716635"]
[EventDate "2021.09.07"]
[EventType "swiss (blitz)"]
[EventRounds "11"]
[EventCountry "NET"]
[SourceTitle "The Week in Chess 1401"]
[Source "Mark Crowther"]
[SourceDate "2021.09.13"]
[SourceVersion "1"]
[SourceVersionDate "2021.09.13"]
[SourceQuality "2"]

1. e4 d6 2. d4 Nf6 3. Nc3 e5 4. Nf3 Nc6 5. dxe5 Nxe5 6. Bf4 Bg4 7. Bxe5 Bxf3 8. Bxf6 Bxd1 9. Bxd8 Bxc2 10. Bxc7 Rc8 11. Bb5+ Ke7 12. Rc1 g6 13. Rxc2 Bg7 14. Nd5+ Ke6 15. O-O a6 16. Ba4 b5 17. Bb3 Kd7 18. Nb6+ Ke7 19. Nxc8+ Rxc8 20. Bxd6+ Kxd6 21. Rxc8 1-0

[Event "Titled Tuesday 2021.09.07"]
[Site "chess.com INT"]
[Date "2021.09.07"]
[Round "9"]
[White "Chernikov, Vladimir"]
[Black "Gerzhoy, Leonid"]
[Result "0-1"]
[WhiteElo "2225"]
[BlackElo "2348"]
[PlyCount "33"]
[GameId "2130307583724972"]
[EventDate "2021.09.07"]
[EventType "swiss (blitz)"]
[EventRounds "11"]
[EventCountry "NET"]
[SourceTitle "The Week in Chess 1401"]
[Source "Mark Crowther"]
[SourceDate "2021.09.13"]
[SourceVersion "1"]
[SourceVersionDate "2021.09.13"]
[SourceQuality "2"]

1. c4 Nf6 2. Nc3 e5 3. Nf3 d6 4. e3 g6 5. d4 Nbd7 6. Be2 Bg7 7. O-O O-O 8. b3 Re8 9. dxe5 Nxe5 10. Nxe5 Rxe5 11. Bb2 Re8 12. Bf3 c6 13. Qd2 Bg4 14. Bxg4 Nxg4 15. Rfd1 Qh4 16. h3 Ne5 17. Ne4 0-1

[Event "Titled Tuesday 2021.09.07"]
[Site "chess.com INT"]
[Date "2021.09.07"]
[Round "10"]
[White "Gerzhoy, Leonid"]
[Black "Chernomordik, Pavel"]
[Result "1/2-1/2"]
[WhiteElo "2348"]
[BlackElo "2182"]
[PlyCount "127"]
[GameId "2130307583725016"]
[EventDate "2021.09.07"]
[EventType "swiss (blitz)"]
[EventRounds "11"]
[EventCountry "NET"]
[SourceTitle "The Week in Chess 1401"]
[Source "Mark Crowther"]
[SourceDate "2021.09.13"]
[SourceVersion "1"]
[SourceVersionDate "2021.09.13"]
[SourceQuality "2"]

1. d4 g6 2. Bg5 Bg7 3. c3 d6 4. Nd2 h6 5. Bh4 c5 6. e3 Nf6 7. Ngf3 O-O 8. Bd3 b6 9. O-O Bb7 10. Qe2 a6 11. e4 Nh5 12. Bg3 Nxg3 13. hxg3 Nd7 14. e5 dxe5 15. dxe5 e6 16. Nc4 Qc7 17. Be4 Bxe4 18. Qxe4 b5 19. Nd6 Nxe5 20. Nxe5 Qxd6 21. Nf3 Qd5 22. Qe2 Rfd8 23. Rfd1 Qc6 24. Rxd8+ Rxd8 25. Rd1 Rxd1+ 26. Qxd1 Qd5 27. Qxd5 exd5 28. Kf1 Kf8 29. Ke2 Ke7 30. Kd3 Kd6 31. b3 c4+ 32. bxc4 bxc4+ 33. Kc2 Kc5 34. Nd2 f5 35. Nf1 d4 36. cxd4+ Bxd4 37. f3 Kb4 38. Nd2 h5 39. g4 Be3 40. Nf1 Bf4 41. gxh5 gxh5 42. g3 Bh6 43. f4 h4 44. gxh4 Bxf4 45. Nd2 Be5 46. h5 Bg7 47. a3+ Kc5 48. Nf3 Kd5 49. Nd2 Bh6 50. Nf3 Ke4 51. Nd2+ Kd4 52. Nf3+ Kd5 53. Nh4 Ke4 54. Ng6 f4 55. Nh4 f3 56. Nxf3 Kxf3 57. Kc3 Bf8 58. a4 Kg4 59. Kxc4 Kxh5 60. a5 Be7 61. Kd5 Bd8 62. Kc6 Bxa5 63. Kb7 Bb4 64. Kxa6 1/2-1/2

[Event "Titled Tuesday 2021.09.07"]
[Site "chess.com INT"]
[Date "2021.09.07"]
[Round "11"]
[White "Yeritsyan, Hayk"]
[Black "Gerzhoy, Leonid"]
[Result "0-1"]
[WhiteElo "2268"]
[BlackElo "2348"]
[PlyCount "58"]
[GameId "2130307583729164"]
[EventDate "2021.09.07"]
[EventType "swiss (blitz)"]
[EventRounds "11"]
[EventCountry "NET"]
[SourceTitle "The Week in Chess 1401"]
[Source "Mark Crowther"]
[SourceDate "2021.09.13"]
[SourceVersion "1"]
[SourceVersionDate "2021.09.13"]
[SourceQuality "2"]

1. d4 Nf6 2. Nf3 d6 3. Bf4 Nbd7 4. h3 b6 5. e3 Bb7 6. Be2 e5 7. Bh2 Qe7 8. c3 O-O-O 9. O-O Rg8 10. Qa4 Kb8 11. Na3 g5 12. dxe5 dxe5 13. Nb5 a6 14. Nxc7 Kxc7 15. Bxa6 g4 16. Bxb7 Kxb7 17. hxg4 Rxg4 18. Qb5 Bh6 19. Bxe5 Rdg8 20. g3 Bxe3 21. fxe3 Nxe5 22. Qxe5 Rxg3+ 23. Kf2 Rxf3+ 24. Kxf3 Qxe5 25. Rg1 Qe4+ 26. Kf2 Ng4+ 27. Kg3 Qxe3+ 28. Kh4 f5 29. Rg3 Qh6# 0-1

[Event "Titled Tuesday 2021.08.31"]
[Site "chess.com INT"]
[Date "2021.08.31"]
[Round "1"]
[White "Gerzhoy, Leonid"]
[Black "Redzisz, Michal"]
[Result "1/2-1/2"]
[WhiteElo "2348"]
[BlackElo "2208"]
[PlyCount "106"]
[GameId "2130307583926000"]
[EventDate "2021.08.31"]
[EventType "swiss (blitz)"]
[EventRounds "11"]
[EventCountry "NET"]
[SourceTitle "The Week in Chess 1400"]
[Source "Mark Crowther"]
[SourceDate "2021.09.06"]
[SourceVersion "1"]
[SourceVersionDate "2021.09.06"]
[SourceQuality "2"]

1. d4 Nf6 2. Nf3 g6 3. Bg5 Bg7 4. Nbd2 d5 5. e3 O-O 6. Bd3 Nbd7 7. O-O c5 8. c3 Qc7 9. b4 c4 10. Bc2 b6 11. e4 dxe4 12. Nxe4 Bb7 13. Re1 Rad8 14. a4 Rfe8 15. a5 b5 16. Qc1 Nxe4 17. Bxe4 Nf6 18. Bxf6 Bxf6 19. Bxb7 Qxb7 20. Qf4 a6 21. Qe4 Qxe4 22. Rxe4 Rd5 23. Rae1 Red8 24. g4 e6 25. Ne5 Bxe5 26. Rxe5 Kg7 27. f4 Rxe5 28. Rxe5 Rd5 29. Kf2 Kf6 30. Kf3 Ke7 31. h4 f5 32. gxf5 gxf5 33. Rxd5 exd5 34. Kg3 h5 35. Kf3 Kf7 36. Kg3 Ke7 37. Kf3 Kf7 38. Kg3 Kg8 39. Kf3 Kh7 40. Kg3 Kg6 41. Kf3 Kf6 42. Kg3 Ke6 43. Kf3 Kd6 44. Kg3 Kc7 45. Kf3 Kb8 46. Kg3 Ka8 47. Kf3 Ka7 48. Kg3 Kb7 49. Kf3 Kc7 50. Kg3 Kd7 51. Kf3 Kc7 52. Kg3 Kd7 53. Kf3 Kc7 1/2-1/2

[Event "Titled Tuesday 2021.08.31"]
[Site "chess.com INT"]
[Date "2021.08.31"]
[Round "7"]
[White "Gerzhoy, Leonid"]
[Black "Nguyen, Hong Nhung"]
[Result "1/2-1/2"]
[WhiteElo "2348"]
[BlackElo "1697"]
[PlyCount "76"]
[GameId "2130307583938673"]
[EventDate "2021.08.31"]
[EventType "swiss (blitz)"]
[EventRounds "11"]
[EventCountry "NET"]
[SourceTitle "The Week in Chess 1400"]
[Source "Mark Crowther"]
[SourceDate "2021.09.06"]
[SourceVersion "1"]
[SourceVersionDate "2021.09.06"]
[SourceQuality "2"]

1. d4 Nf6 2. Nf3 c5 3. c3 d5 4. dxc5 a5 5. b4 e6 6. e3 b6 7. Bb5+ Bd7 8. Bxd7+ Qxd7 9. Ne5 Qc7 10. Qa4+ Nbd7 11. Nxd7 Nxd7 12. cxb6 Qxb6 13. O-O Bd6 14. Nd2 O-O 15. bxa5 Qc7 16. Nf3 Rxa5 17. Qh4 Rfa8 18. a4 Ne5 19. Nxe5 Bxe5 20. Bd2 Qc6 21. c4 Rxa4 22. Rxa4 Qxa4 23. Qh5 Bf6 24. cxd5 exd5 25. Rc1 Rd8 26. g3 h6 27. Kg2 Qe4+ 28. Qf3 Qe6 29. Bc3 d4 30. Bxd4 Bxd4 31. exd4 Rxd4 32. Rc3 Rd8 33. Re3 Qa6 34. Rc3 Qa1 35. Re3 Qa2 36. Rc3 Qa1 37. Re3 Qa2 38. Rc3 Qa1 1/2-1/2

[Event "Titled Tuesday 2021.08.31"]
[Site "chess.com INT"]
[Date "2021.08.31"]
[Round "8"]
[White "Miszler, Levente"]
[Black "Gerzhoy, Leonid"]
[Result "1/2-1/2"]
[WhiteElo "2251"]
[BlackElo "2348"]
[PlyCount "66"]
[GameId "2130307583942840"]
[EventDate "2021.08.31"]
[EventType "swiss (blitz)"]
[EventRounds "11"]
[EventCountry "NET"]
[SourceTitle "The Week in Chess 1400"]
[Source "Mark Crowther"]
[SourceDate "2021.09.06"]
[SourceVersion "1"]
[SourceVersionDate "2021.09.06"]
[SourceQuality "2"]

1. Nf3 Nf6 2. c4 d6 3. g3 e5 4. Bg2 Be7 5. O-O O-O 6. Nc3 c6 7. d4 e4 8. Nd2 d5 9. cxd5 cxd5 10. f3 exf3 11. Nxf3 Nc6 12. Ne5 Nxe5 13. dxe5 Ng4 14. Bf4 Be6 15. Nxd5 Bc5+ 16. e3 Bxd5 17. Qxd5 Bxe3+ 18. Bxe3 Nxe3 19. Qxd8 Raxd8 20. Rf2 Nxg2 21. Kxg2 Rfe8 22. Raf1 Re7 23. Re2 g6 24. Rfe1 Kg7 25. Kf3 Rd3+ 26. Re3 Rxe3+ 27. Rxe3 Rc7 28. Rb3 Kf8 29. Ke4 Ke7 30. Kd5 Rd7+ 31. Ke4 Rc7 32. Kd5 Rd7+ 33. Ke4 Rc7 1/2-1/2

[Event "Titled Tuesday 2021.08.03"]
[Site "chess.com INT"]
[Date "2021.08.03"]
[Round "1"]
[White "Gerzhoy, Leonid"]
[Black "Grigoryan, Meri"]
[Result "1-0"]
[WhiteElo "2348"]
[BlackElo "2044"]
[PlyCount "35"]
[GameId "2130307585078170"]
[EventDate "2021.08.03"]
[EventType "swiss (blitz)"]
[EventRounds "11"]
[EventCountry "NET"]
[SourceTitle "The Week in Chess 1396"]
[Source "Mark Crowther"]
[SourceDate "2021.08.10"]
[SourceVersion "1"]
[SourceVersionDate "2021.08.10"]
[SourceQuality "2"]

1. d4 d5 2. c4 e5 3. e3 exd4 4. exd4 Nf6 5. Nc3 c6 6. Nf3 Be7 7. Bd3 O-O 8. O-O Bg4 9. cxd5 Nxd5 10. h3 Bh5 11. g4 Bg6 12. Bxg6 hxg6 13. Qb3 Nxc3 14. bxc3 Qc7 15. Ne5 Qb6 16. Nxg6 Re8 17. Ne5 Bf6 18. Qxf7+ 1-0